| 000 | 00336nam a22001337a 4500 | ||
|---|---|---|---|
| 008 | 181101b xxu||||| |||| 00| 0 eng d | ||
| 020 | _a0874893089 | ||
| 041 | _aeng | ||
| 080 |
_22 th _a159.9 |
||
| 100 | _a49 | ||
| 101 | _aPSI | ||
| 245 |
_aCommon Skin Disorder A Physicians Illustrated Manual _cErnst.E |
||
| 942 |
_2udc _cBK |
||
| 999 |
_c51382 _d51382 |
||